Camille Hurley's Dolls (with hints) - Statistics

General Stats
  • This quiz has been taken 8 times
  • The average score is 9 of 11
Answer Stats
Hint Answer % Correct
Found on the tapestry in a yellow dress Awful Ursula
100%
In the photo with Camille and another doll Chantilly Hildegard
100%
Says one two-part word Edna the Terrible
100%
Different coloured eyes Sickly Sara
100%
She's yawning Yawning Alice
100%
In the photo with Camille and another doll Hagar Anderson
75%
Broken skull Naughty Tina
75%
Two left feet Sadie Crawford
75%
Wearing a kilt Teddy Eberhardt
75%
Missing a chunk of hair Thomasina O'Neill
75%
Wears a big red bow Eliza Sandberger
50%
No matching quizzes found
Score Distribution
Percent of People with Each Score
Percentile by Number Answered
Your Score History
You have not taken this quiz